| 000 | 00677nam a2200289Ia 4500 | ||
|---|---|---|---|
| 005 | 20260324132108.0 | ||
| 008 | 008 260324s9999 xx 000 0 eng d | ||
| 020 | _a9781315000541 | ||
| 037 | _aEBOOK | ||
| 040 | _aCRL | ||
| 040 | _beng | ||
| 040 | _cCRL | ||
| 041 | _2eng | ||
| 041 | _aeng | ||
| 084 | _qCRL | ||
| 100 |
_aGareth Jenkins _91188015 |
||
| 245 | 0 | _aContext and Circumstance | |
| 245 | 4 | _bThe Turkish Military and Politics | |
| 260 | _bTaylor and Francis | ||
| 260 | _c2005 | ||
| 365 | _a | ||
| 365 | _b150 | ||
| 856 | _uhttp://www.taylorfrancis.com/books/9781315000541 | ||
| 942 | _cEBOOK | ||
| 999 |
_c1785765 _d1785765 |
||